Institucionalizando el Diálogo a un año de gestión : (Registro nro. 4341)

000 -CABECERA
campo de control de longitud fija 00730nam a22001817a 4500
005 - FECHA Y HORA DE LA ÚLTIMA TRANSACCIÓN
campo de control 20260113160531.0
008 - DATOS DE LONGITUD FIJA--INFORMACIÓN GENERAL
campo de control de longitud fija 260113b ||||fr|||| 00| 0 eng d
040 ## - FUENTE DE LA CATALOGACIÓN
Centro catalogador/agencia de origen CENDOC CAAAP
Lengua de catalogación spa
Centro/agencia transcriptor CAAAP
041 ## - CÓDIGO DE LENGUA
Código de lengua del texto/banda sonora o título independiente spa
050 ## - SIGNATURA TOPOGRÁFICA DE LA BIBLIOTECA DEL CONGRESO
Número de clasificación JL 3429
Número de documento/Ítem .P47
110 1# - ENTRADA PRINCIPAL--NOMBRE DE ENTIDAD CORPORATIVA
9 (RLIN) 3775
Nombre de entidad corporativa o nombre de jurisdicción como elemento de entrada Perú.
Unidad subordinada Presidencia del Consejo de Ministros
245 1# - MENCIÓN DE TÍTULO
Título Institucionalizando el Diálogo a un año de gestión :
Subtitulo Experiencias y aportes de la ONDS - PCM 2012-2013 /
Mención de responsabilidad, etc. Presidencia del Consejo de Ministros
250 ## - MENCIÓN DE EDICIÓN
Mención de edición 1ra edición
260 #1 - PUBLICACIÓN, DISTRIBUCIÓN, ETC.
Lugar de publicación, distribución, etc. Lima, Perú :
Nombre del editor, distribuidor, etc. Presidencia del Consejo de Ministros,
Fecha de publicación, distribución, etc. 2013.
300 ## - DESCRIPCIÓN FÍSICA
Extensión 91 páginas ;
Dimensiones 24 x 16 cm
650 #0 - PUNTO DE ACCESO ADICIONAL DE MATERIA--TÉRMINO DE MATERIA
9 (RLIN) 1650
Término de materia o nombre geográfico como elemento de entrada Políticas Públicas
Subdivisión de forma Diálogo social
Subdivisión general Gestión pública
Subdivisión geográfica Perú
942 ## - ELEMENTOS PERSONALIZADOS KOHA
Fuente del sistema de clasificación o colocación
Fecha de catalogación DD - MM - AA
Tipo de ítem Koha Libros
Existencias
Fuente del sistema de clasificación o colocación Localización permanente Ubicación/localización actual Fecha de adquisición Total de préstamos Signatura LC Fecha visto por última vez Tipo de ítem Koha
  CENTRO DE DOCUMENTACIÓN (CENDOC) CENTRO DE DOCUMENTACIÓN (CENDOC) 01/13/2026   JL 3429 .P47 01/13/2026 Libros
Centro de Documentación CAAAP | AV. Manuel González Prada 626, Magdalena del Mar | (51-1) 4615223 Anexo 205 y 209 | cendoc@caaap.org.pe